|
|
|
|
| LEADER |
00000nam0a2200000 4500 |
| 001 |
124212 |
| 005 |
20231031130832.0 |
| 010 |
|
|
|a 5222102602
|
| 035 |
|
|
|a (RuTPU)RU\TPU\book\134440
|
| 090 |
|
|
|a 124212
|
| 100 |
|
|
|a 20071030d2006 m y0rusy50 ca
|
| 101 |
0 |
|
|a rus
|
| 102 |
|
|
|a RU
|
| 105 |
|
|
|a a j 001zy
|
| 200 |
1 |
|
|a Материаловедение
|e [учебное пособие для вузов]
|f Н. Н. Евстратова, В. Т. Компанеец, В. А. Сухарникова
|
| 210 |
|
|
|a Ростов-на-Дону
|c Феникс
|d 2006
|
| 215 |
|
|
|a 268 с.
|c ил.
|
| 225 |
1 |
|
|a Высшее образование
|
| 320 |
|
|
|a Библиогр.: с. 263.
|
| 330 |
|
|
|a Пособие «Материаловедение» составлено с учетом требований Государственного образовательного стандарта для технических специальностей высших учебных заведений. Рассмотрены кристаллическое строение металлов, процессы пластической деформации и рекристаллизации. Изложены современные методы испытаний и критерии оценки конструкционной прочности материалов, надежности и долговечности, значительное внимание уделено теории и технологии термической обработки и другим видам упрочнения, рассмотрены все классы сталей, цветных металлов и полимерных материалов, а также описаны электротехнические и магнитные материалы. Предназначено для студентов технических специальностей высших учебных заведений.
|
| 610 |
1 |
|
|a материаловедение
|
| 610 |
1 |
|
|a металлы
|
| 610 |
1 |
|
|a атомно-кристаллическое строение
|
| 610 |
1 |
|
|a механические свойства
|
| 610 |
1 |
|
|a наклеп
|
| 610 |
1 |
|
|a рекристаллизация
|
| 610 |
1 |
|
|a сплавы
|
| 610 |
1 |
|
|a компоненты
|
| 610 |
1 |
|
|a взаимодействие
|
| 610 |
1 |
|
|a диаграмма состояния
|
| 610 |
1 |
|
|a железо
|
| 610 |
1 |
|
|a чугун
|
| 610 |
1 |
|
|a кристаллизация
|
| 610 |
1 |
|
|a белый чугун
|
| 610 |
1 |
|
|a серый чугун
|
| 610 |
1 |
|
|a маркировка
|
| 610 |
1 |
|
|a углеродистые стали
|
| 610 |
1 |
|
|a углеродистые конструкционные стали
|
| 610 |
1 |
|
|a углеродистые инструментальные стали
|
| 610 |
1 |
|
|a термическая обработка
|
| 610 |
1 |
|
|a аустенит
|
| 610 |
1 |
|
|a мартенсит
|
| 610 |
1 |
|
|a свойства
|
| 610 |
1 |
|
|a стальные детали
|
| 610 |
1 |
|
|a поверхностное упрочнение
|
| 610 |
1 |
|
|a легированные стали
|
| 610 |
1 |
|
|a медь
|
| 610 |
1 |
|
|a медные сплавы
|
| 610 |
1 |
|
|a бронзы
|
| 610 |
1 |
|
|a алюминий
|
| 610 |
1 |
|
|a алюминиевые сплавы
|
| 610 |
1 |
|
|a электротехнические материалы
|
| 610 |
1 |
|
|a полимеры
|
| 610 |
1 |
|
|a ферромагнетики
|
| 610 |
1 |
|
|a немагнитные стали
|
| 610 |
1 |
|
|a магнитные материалы
|
| 610 |
1 |
|
|a композиционные материалы
|
| 610 |
1 |
|
|a учебные пособия
|
| 675 |
|
|
|a 620.22(075.8)
|v 3
|
| 700 |
|
1 |
|a Евстратова
|b Н. Н.
|g Наталья Николаевна
|
| 701 |
|
1 |
|a Компанеец
|b В. Т.
|g Владимир Тимофеевич
|
| 701 |
|
1 |
|a Сухарникова
|b В. А.
|g Валентина Александровна
|
| 801 |
|
1 |
|a RU
|b 63413507
|c 20071030
|g PSBO
|
| 801 |
|
2 |
|a RU
|b 63413507
|c 20140402
|g PSBO
|
| 900 |
|
|
|a Материаловедение
|
| 942 |
|
|
|c BK
|
| 955 |
|
|
|a 550000
|
| 959 |
|
|
|a 70/20071010
|d 2
|e 66,00
|f ЧЗТЛ:2
|